00409 a2200121 4500001001000000005001700010008004100027245008400068100002400152700003600176773005800212999001700270ART_1134920260410161856.0260409a 10aAnálisis del ramal ferroviario en el contexto nacional, provincial y regional1 aSonnet, Fernando H.1 aGonzález Olguín, Eduardo L.0 tRevista de Economíag- Nº 48 (sep. 1986)wREV11077 c25492d25492